مكتبة جامعة عجلون الوطنية

فهرس بحث المكتبة

اثر انماط التدفقات النقدية والتدفقات النقدية الحرة على توزيعات الارباح في الشركات الصناعية المدرجة في بورصة عمان = The Effect of Net Cash Flows on Dividends in Industrial companies listed on the Amman Stock Exchange / (Record no. 32856)

MARC details
000 -LEADER
fixed length control field 01294nam a2200241Ii 4500
003 - CONTROL NUMBER IDENTIFIER
control field JO-AjNU
005 - DATE AND TIME OF LATEST TRANSACTION
control field 20240605114920.0
008 - FIXED-LENGTH DATA ELEMENTS--GENERAL INFORMATION
fixed length control field 230605s9999||||xx |||||||||||||| ||und||
040 ## - CATALOGING SOURCE
Original cataloging agency JO-AjNU
Language of cataloging ara
Description conventions rda
Transcribing agency JO-AjNU
041 ## - LANGUAGE CODE
Language code of text/sound track or separate title ara
050 ## - LIBRARY OF CONGRESS CALL NUMBER
Classification number HG4028
Item number 2023
100 #1 - MAIN ENTRY--PERSONAL NAME
Personal name الدباس، هديل محمود
9 (RLIN) 65222
Relator term معد
245 #0 - TITLE STATEMENT
Title اثر انماط التدفقات النقدية والتدفقات النقدية الحرة على توزيعات الارباح في الشركات الصناعية المدرجة في بورصة عمان = The Effect of Net Cash Flows on Dividends in Industrial companies listed on the Amman Stock Exchange /
Statement of responsibility, etc. اعداد هديل محمود الدباس ؛ اشراف ليث عبدالله العريان
260 ## - PUBLICATION, DISTRIBUTION, ETC.
Date of publication, distribution, etc. 2023
300 ## - PHYSICAL DESCRIPTION
Extent 54ورقة
336 ## - CONTENT TYPE
Content type term text
Content type code txt
Source rdacontent
337 ## - MEDIA TYPE
Media type term unmediated
Media type code n
Source rdamedia
338 ## - CARRIER TYPE
Carrier type term volume
Carrier type code nc
Source rdacarrier
500 ## - GENERAL NOTE
General note رسالة جامعية (ماجستير) .- جامعة عجلون الوطنية (عجلون، الأردن)، كلية الاعمال ، تخصص المحاسبة ، 2023<br/>
650 70 - SUBJECT ADDED ENTRY--TOPICAL TERM
Topical term or geographic name entry element الشركات الصناعية - الارباح - الاردن
9 (RLIN) 65224
700 #1 - ADDED ENTRY--PERSONAL NAME
Personal name العريان، ليث عبدالله محمد
Relator term مشرف
9 (RLIN) 65074
942 ## - ADDED ENTRY ELEMENTS (KOHA)
Source of classification or shelving scheme Library of Congress Classification
Koha item type Thesis
Holdings
Withdrawn status Lost status Source of classification or shelving scheme Damaged status Not for loan Home library Current library Shelving location Date acquired Total Checkouts Full call number Barcode Date last seen Price effective from Koha item type
    Library of Congress Classification     مكتبة جامعة عجلون الوطنية مكتبة جامعة عجلون الوطنية المجموعات العامة 06/06/2023   HG4028.2023 A29287 06/06/2023 06/06/2023 Books
    Library of Congress Classification     مكتبة جامعة عجلون الوطنية مكتبة جامعة عجلون الوطنية المجموعات العامة 02/04/2024   HG4028. 2023 A29288 06/06/2023 06/06/2023 Books